| 000 | 00412nam a2200181Ia 4500 | ||
|---|---|---|---|
| 005 | 20250423100318.0 | ||
| 008 | 250422s9999 xx 000 0 und d | ||
| 020 | _a9789781751998 | ||
| 050 | _aHB 171.5 .U38/ | ||
| 100 | _aUdu, Ewa | ||
| 245 | 0 | _aNew economics : e senior secondary course | |
| 250 | _a2nd ed. | ||
| 260 | _aOnitsha | ||
| 260 | _bAFP | ||
| 260 | _c1989 | ||
| 300 | _a342 p | ||
| 942 | _cBK | ||
| 999 |
_c32921 _d32921 |
||